000 00295nam a2200109Ia 4500
008 220204s9999 xx 000 0 und d
082 _a339.5
_bKES
100 _aKESHKAMAT, V V
245 0 _aFinance of foreign trade: A handbook for banking students
260 _aBombay
_bVivek
_c1975
942 _cBK
999 _c23823
_d23823